000 00865nam a2200265Ia 4500
003 OSt
005 20220918171447.0
006 a|||||r|||| 00| 0
007 ta
008 220917b |||||||| |||| 00| 0 eng d
020 _a9781788733731 (pbk)
_cUKP 18.99
024 _a354,683
037 _b1880, 16/12/2021, Bright Book Service
_cTextual
040 _aARTS
_cARTS
_beng
041 _2eng
_aeng
082 _aR3xL70:g, R0
100 _aLefebvre Henri Au.
_936749
245 0 _aHegel, marx, nietzsche, or the realm of shadows
260 _aLondon
_bVerso UK
_c2020
300 _axxi,208p.
_ccm.
650 _aHEGEL; MARX, KARL; PHILOSOPHERS
_936750
700 _a Frenbach David Tr.
_936751
942 _hR3xL70:g, R0
_cTEXL
_2CC
999 _c139669
_d139669